[Event "TOP 16 Poule Haute"]
[Site "Le Port Marly FRA"]
[Date "2009.05.28"]
[Round "8"]
[White "Chuchelov, V."]
[Black "Philippe, C."]
[Result "1/2-1/2"]
[WhiteElo "2575"]
[BlackElo "2435"]
[PlyCount "184"]
[EventDate "2009.05.28"]

1. Nf3 f5 2. c4 Nf6 3. g3 g6 4. b4 Bg7 5. Bb2 d6 6. d4 e5 7. dxe5 Nfd7 8. Qb3
dxe5 9. c5 Qe7 10. Bg2 a5 11. a3 axb4 12. axb4 Rxa1 13. Bxa1 e4 14. Nd4 Ne5 15.
O-O Nbc6 16. Nd2 Nxd4 17. Bxd4 Nc6 18. Bxg7 Qxg7 19. e3 Qf7 20. Qc3 O-O 21. b5
Ne7 22. Nb3 Nd5 23. Qd2 Be6 24. Nd4 Ra8 25. Qb2 Nf6 26. Ra1 Rxa1+ 27. Qxa1 Ba2
28. h3 h6 29. Qb2 Kh7 30. b6 cxb6 31. Qxb6 Bc4 32. Bf1 Bd5 33. Qd6 Kg7 34. Qe5
Qe8 35. Qc7+ Qd7 36. Qb6 Qe7 37. Bb5 Kf7 38. Qa7 Kf8 39. Ba4 Kf7 40. Qb6 Nd7
41. Bxd7 Qxd7 42. Kh2 Bc6 43. Qa5 Ke7 44. h4 g5 45. hxg5 hxg5 46. Qa8 Qd5 47.
Qh8 Bd7 48. Qg7+ Ke8 49. Qg6+ Kd8 50. Qxg5+ Ke8 51. g4 Qxc5 52. Qg6+ Kd8 53.
gxf5 Qe5+ 54. Qg3 Qh8+ 55. Kg2 Ke7 56. Qg5+ Qf6 57. Qf4 b5 58. Qxe4+ Kd6 59.
Qb7 Qg5+ 60. Kf1 Qg4 61. Ke1 Qg1+ 62. Ke2 Qg4+ 63. Kd2 Qh4 64. Qf3 Qf6 65. Qf4+
Ke7 66. Qc7 Qa6 67. Qe5+ Kf7 68. Qd5+ Ke7 69. e4 Qh6+ 70. Ke2 Qh5+ 71. Nf3 Be8
72. Qe6+ Kd8 73. Qd6+ Kc8 74. f6 b4 75. Qxb4 Bb5+ 76. Kd2 Qxf3 77. Qc5+ Kd8 78.
Qb6+ Kc8 79. Qc5+ Kd8 80. Qb6+ Kc8 81. Qxb5 Qxf2+ 82. Kc3 Qxf6+ 83. e5 Qe6 84.
Qc5+ Kd8 85. Kd4 Qd7+ 86. Ke4 Ke8 87. Qb6 Qg4+ 88. Kd5 Qf3+ 89. Kd6 Qd3+ 90.
Kc6 Qe4+ 91. Kd6 Qd3+ 92. Kc6 Qg6+ 1/2-1/2

[Event "TOP 16 Poule Haute"]
[Site "Le Port Marly FRA"]
[Date "2009.05.28"]
[Round "8"]
[White "Feller, S."]
[Black "Iglesias, Joa"]
[Result "1-0"]
[WhiteElo "2539"]
[BlackElo "2229"]
[PlyCount "79"]
[EventDate "2009.05.28"]

1. c4 c5 2. Nf3 Nf6 3. d4 g6 4. Nc3 Bg7 5. e4 O-O 6. Be2 d6 7. O-O Bg4 8. d5
Na6 9. h3 Bxf3 10. Bxf3 Nc7 11. Be2 e6 12. Bg5 a6 13. a4 Qd7 14. a5 exd5 15.
exd5 Rab8 16. Bd3 h6 17. Bd2 Rfe8 18. Qc2 Qe7 19. Rae1 Qf8 20. Na4 Nd7 21. b4
Bd4 22. bxc5 Nxc5 23. Nxc5 dxc5 24. Bf4 Rxe1 25. Rxe1 Qd8 26. Bxg6 fxg6 27.
Qxg6+ Bg7 28. Bxh6 Qf6 29. Qxg7+ Qxg7 30. Bxg7 Kxg7 31. Re7+ Kf6 32. Rxc7 Ke5
33. h4 Kd4 34. d6 Kxc4 35. d7 Rd8 36. h5 Kd5 37. h6 Kd6 38. Rxb7 Kc6 39. Ra7 c4
40. Kf1 1-0

[Event "TOP 16 Poule Haute"]
[Site "Le Port Marly FRA"]
[Date "2009.05.28"]
[Round "8"]
[White "Milliet, S."]
[Black "Congiu, M."]
[Result "1-0"]
[WhiteElo "2379"]
[BlackElo "2212"]
[PlyCount "97"]
[EventDate "2009.05.28"]

1. e4 e5 2. Nf3 Nc6 3. Bb5 a6 4. Ba4 Nf6 5. O-O b5 6. Bb3 Bc5 7. a4 Rb8 8. c3
O-O 9. d4 Bb6 10. Na3 d6 11. axb5 axb5 12. Nxb5 Bg4 13. Be3 Qe7 14. h3 Bh5 15.
Re1 exd4 16. Bxd4 Ne5 17. Bxe5 dxe5 18. Ba4 Rfd8 19. Qe2 Bg6 20. Qc2 Nh5 21.
Na3 Nf4 22. Nc4 Nd3 23. Re2 Bh5 24. Rd2 Bxf2+ 25. Rxf2 Qc5 26. Nfxe5 Nxe5 27.
Nxe5 Qxe5 28. Rf5 Qg3 29. Rxh5 Qe3+ 30. Qf2 Qxf2+ 31. Kxf2 Rxb2+ 32. Kg1 Rdd2
33. Rg5 g6 34. Rg3 Re2 35. Bc6 Rb6 36. Ba8 c6 37. Ra4 Rb1+ 38. Kh2 h5 39. h4
Ree1 40. Rd3 g5 41. hxg5 h4 42. Kh3 Rh1+ 43. Kg4 Rb2 44. g3 h3 45. Bxc6 h2 46.
Rd8+ Kg7 47. Raa8 f5+ 48. exf5 Rf1 49. Rd7# 1-0

[Event "TOP 16 Poule Haute"]
[Site "Le Port Marly FRA"]
[Date "2009.05.28"]
[Round "8"]
[White "Cornette, M."]
[Black "Edouard, R."]
[Result "1/2-1/2"]
[WhiteElo "2573"]
[BlackElo "2594"]
[PlyCount "51"]
[EventDate "2009.05.28"]

1. e4 c5 2. Nf3 Nc6 3. Bb5 d6 4. O-O Bd7 5. Re1 Nf6 6. c3 a6 7. Ba4 b5 8. Bc2
e5 9. h3 Qc7 10. d4 Be7 11. d5 Nd8 12. Nbd2 O-O 13. Nf1 Ne8 14. a4 Rc8 15. Ng3
g6 16. axb5 axb5 17. Bh6 Ng7 18. Ra6 f6 19. Qa1 Rb8 20. b4 Nf7 21. Bd2 Rfc8 22.
Bd3 Qd8 23. Qa2 Ra8 24. Ra1 Rxa6 25. Qxa6 Ne8 26. Qa3 1/2-1/2

[Event "TOP 16 Poule Haute"]
[Site "Le Port Marly FRA"]
[Date "2009.05.28"]
[Round "8"]
[White "Cossin, S."]
[Black "Tregubov, P."]
[Result "0-1"]
[WhiteElo "2471"]
[BlackElo "2628"]
[PlyCount "146"]
[EventDate "2009.05.28"]

1. Nf3 c5 2. e4 Nc6 3. d4 cxd4 4. Nxd4 Nf6 5. Nc3 e5 6. Ndb5 d6 7. Bg5 a6 8.
Na3 b5 9. Nd5 Be7 10. Bxf6 Bxf6 11. c4 b4 12. Nc2 O-O 13. Be2 a5 14. O-O Bg5
15. Bf3 Be6 16. Qd3 Bxd5 17. Qxd5 Qb6 18. Rad1 Rfd8 19. Bg4 g6 20. Kh1 a4 21.
Qb5 Qxb5 22. cxb5 b3 23. axb3 axb3 24. Ne1 Na5 25. Rd5 Nc4 26. Bd1 Nd2 27. Rxd2
Bxd2 28. Nf3 Bc1 29. Bxb3 Bxb2 30. Bd5 Rab8 31. Bc6 Ba3 32. Ne1 f5 33. exf5
gxf5 34. Nd3 Kf7 35. g3 Kf6 36. Ra1 Bc5 37. Kg2 Bd4 38. Ra4 Rg8 39. Nb4 Rg7 40.
Nd5+ Ke6 41. Nf4+ Ke7 42. Nd5+ Kf8 43. f4 Ra7 44. Rxa7 Bxa7 45. Nf6 Ke7 46.
fxe5 dxe5 47. Nd7 Rd8 48. Nxe5 Rd2+ 49. Kh3 Kf6 50. Nf3 Rb2 51. Kh4 Be3 52. Kh3
f4 53. gxf4 Bxf4 54. Bd7 Ke7 55. Bc6 Bc7 56. Be4 Rxb5 57. Bc6 Rb2 58. Be4 h6
59. Bd5 Kf6 60. Be4 Rf2 61. Bc6 Kf5 62. Nd4+ Kf6 63. Nf3 Bd6 64. Be4 Bb8 65.
Bd5 Kf5 66. Bb7 Kf4 67. Nh4 Rb2 68. Bc6 Rb3+ 69. Kg2 Kg4 70. Nf3 Rb2+ 71. Kg1
h5 72. Kh1 h4 73. Kg1 Ba7+ 0-1

[Event "TOP 16 Poule Haute"]
[Site "Le Port Marly FRA"]
[Date "2009.05.28"]
[Round "8"]
[White "Skripchenko, A."]
[Black "Dourerassou, J."]
[Result "1-0"]
[WhiteElo "2449"]
[BlackElo "2416"]
[PlyCount "71"]
[EventDate "2009.05.28"]

1. e4 c5 2. Nf3 Nc6 3. Bb5 Nf6 4. e5 Nd5 5. Nc3 Nc7 6. Bxc6 dxc6 7. h3 g6 8. d3
Bg7 9. O-O O-O 10. Re1 Ne6 11. Ne4 Qc7 12. Ng3 Rd8 13. Bd2 b6 14. a4 Ba6 15. b3
Rd5 16. Bc3 c4 17. bxc4 Bxc4 18. a5 Rad8 19. axb6 axb6 20. Qe2 Bb5 21. Bb2 Bxd3
22. cxd3 Nf4 23. Qe3 Nxd3 24. Reb1 Nxe5 25. Bxe5 Bxe5 26. Nxe5 Rxe5 27. Qf3 b5
28. Nf1 Re6 29. Qc3 Qb6 30. Ne3 Re4 31. Rc1 Red4 32. Qc5 Rd1+ 33. Nxd1 Rxd1+
34. Kh2 Qxc5 35. Ra8+ Kg7 36. Rxc5 1-0

[Event "TOP 16 Poule Haute"]
[Site "Le Port Marly FRA"]
[Date "2009.05.28"]
[Round "8"]
[White "Mullon, J."]
[Black "Guilleux, F."]
[Result "1-0"]
[WhiteElo "2333"]
[BlackElo "2313"]
[PlyCount "81"]
[EventDate "2009.05.28"]

1. e4 c5 2. Nf3 d6 3. d4 cxd4 4. Nxd4 Nf6 5. Nc3 Nc6 6. Bg5 e6 7. Qd2 a6 8.
O-O-O Bd7 9. f4 h6 10. Bh4 g5 11. fxg5 Ng4 12. Nxc6 Bxc6 13. Be2 Ne5 14. g3
hxg5 15. Bxg5 f6 16. Be3 b5 17. Qd4 Qc7 18. h4 Qb7 19. Rhf1 Be7 20. Bd3 O-O-O
21. Qb6 Qxb6 22. Bxb6 Rdg8 23. Bf2 Kc7 24. Ne2 Ng4 25. Bg1 Bf8 26. Nf4 Bd7 27.
Kb1 Kd8 28. Be2 Ke7 29. Rd3 b4 30. Rfd1 Kf7 31. a3 Bc6 32. axb4 Bxe4 33. Ra3 f5
34. Rxa6 Be7 35. Bd3 Bxd3 36. Nxd3 Nf6 37. b5 Rb8 38. c4 Rhg8 39. Nb4 Rb7 40.
Nc6 Ne4 41. b6 1-0

[Event "TOP 16 Poule Haute"]
[Site "Le Port Marly FRA"]
[Date "2009.05.28"]
[Round "8"]
[White "Prie, E."]
[Black "Bogner, S."]
[Result "0-1"]
[WhiteElo "2504"]
[BlackElo "2511"]
[PlyCount "98"]
[EventDate "2009.05.28"]

1. d4 Nf6 2. Nf3 d5 3. a3 e6 4. Bf4 Be7 5. h4 O-O 6. e3 c5 7. c3 Qb6 8. b4 cxb4
9. cxb4 Bd7 10. Nc3 a5 11. b5 a4 12. Qd2 Qa5 13. Nb1 Bxb5 14. Qxa5 Rxa5 15.
Bxb5 Rxb5 16. Nc3 Rb3 17. Nxa4 Nbd7 18. O-O Ra8 19. Nc5 Nxc5 20. dxc5 Bxc5 21.
a4 Ne4 22. Rfc1 b6 23. Nd4 Bxd4 24. exd4 Nc3 25. Rc2 h5 26. Kh2 Nb5 27. Be3 Rb4
28. Rca2 Nxd4 29. g3 Nf3+ 30. Kg2 Ne5 31. Bd2 Rb3 32. a5 bxa5 33. Rxa5 Rxa5 34.
Rxa5 Nc4 35. Ra8+ Kh7 36. Be1 Kg6 37. Ra7 e5 38. Rd7 d4 39. Rc7 Nb2 40. Rc6+ f6
41. f3 Nd1 42. Ba5 Rb2+ 43. Kh3 Nf2+ 44. Kg2 Ng4+ 45. Kg1 Ne3 46. Bc7 Rg2+ 47.
Kh1 Kf7 48. f4 e4 49. f5 Rc2 0-1

[Event "TOP 16 Poule Haute"]
[Site "Le Port Marly FRA"]
[Date "2009.05.28"]
[Round "8"]
[White "Abergel, T."]
[Black "Hamdouchi, H."]
[Result "1/2-1/2"]
[WhiteElo "2497"]
[BlackElo "2596"]
[PlyCount "22"]
[EventDate "2009.05.28"]

1. e4 c5 2. Nf3 e6 3. d4 cxd4 4. Nxd4 Nf6 5. Nc3 d6 6. g4 h6 7. h3 Nc6 8. Be3
Bd7 9. Bg2 g5 10. Qe2 Ne5 11. O-O-O a6 1/2-1/2

[Event "TOP 16 Poule Haute"]
[Site "Le Port Marly FRA"]
[Date "2009.05.28"]
[Round "8"]
[White "Kosten, A."]
[Black "Wirig, A."]
[Result "1-0"]
[WhiteElo "2513"]
[BlackElo "2472"]
[PlyCount "91"]
[EventDate "2009.05.28"]

1. c4 c5 2. Nc3 g6 3. g3 Bg7 4. Bg2 Nc6 5. d3 d6 6. e4 a6 7. Nge2 Rb8 8. a4 Nf6
9. O-O O-O 10. Rb1 Ne8 11. Be3 Bg4 12. f3 Be6 13. b3 Nc7 14. d4 cxd4 15. Nxd4
Qd7 16. Nxe6 Nxe6 17. Nd5 Ned4 18. a5 b5 19. axb6 e6 20. b4 exd5 21. exd5 Nf5
22. dxc6 Qxc6 23. Bf2 Qxc4 24. Qc1 Qa2 25. f4 Rfc8 26. Qd1 Qc4 27. b7 Rd8 28.
Bd5 Qb5 29. Qb3 Ne7 30. Bxf7+ Kh8 31. Rfe1 Qxb7 32. Bc4 Nf5 33. Qd3 d5 34. Bxa6
Qd7 35. b5 d4 36. b6 Qd6 37. b7 h5 38. Rbc1 Kh7 39. Rc8 Bf6 40. Qc4 Ne3 41.
Qc7+ Qxc7 42. Rxc7+ Kh6 43. Rec1 Nd5 44. Rf7 g5 45. Bd3 gxf4 46. h4 1-0

[Event "TOP 16 Poule Haute"]
[Site "Le Port Marly FRA"]
[Date "2009.05.28"]
[Round "8"]
[White "Sokolov, And1"]
[Black "Libiszewski, F."]
[Result "1/2-1/2"]
[WhiteElo "2558"]
[BlackElo "2505"]
[PlyCount "27"]
[EventDate "2009.05.28"]

1. e4 c5 2. Nf3 Nc6 3. d4 cxd4 4. Nxd4 e5 5. Nb5 d6 6. N1c3 a6 7. Na3 b5 8. Nd5
Nge7 9. c4 Nd4 10. Be3 Nxd5 11. cxd5 f5 12. Bxd4 exd4 13. Nc2 fxe4 14. Qxd4
1/2-1/2

[Event "TOP 16 Poule Haute"]
[Site "Le Port Marly FRA"]
[Date "2009.05.28"]
[Round "8"]
[White "Flear, G."]
[Black "Riff, JN."]
[Result "1/2-1/2"]
[WhiteElo "2485"]
[BlackElo "2507"]
[PlyCount "112"]
[EventDate "2009.05.28"]

1. d4 Nf6 2. c4 e6 3. Nc3 Bb4 4. Qc2 O-O 5. a3 Bxc3+ 6. Qxc3 d5 7. Bg5 c5 8.
dxc5 d4 9. Qc2 e5 10. O-O-O Nbd7 11. e3 h6 12. Bh4 dxe3 13. fxe3 Qe7 14. Nf3 a5
15. Kb1 a4 16. Be2 Ra6 17. Rd6 Nxc5 18. Rxa6 bxa6 19. Rd1 Bb7 20. Ka2 Rb8 21.
Qf5 Be4 22. Qxe5 Qb7 23. Qc3 Ng4 24. Nd2 Nxe3 25. Rb1 Nb3 26. Nxe4 Qxe4 27. Bf2
Re8 28. Bxe3 Qxe3 29. Qxe3 Rxe3 30. Bf3 Kf8 31. Rd1 Ke7 32. Bc6 Na5 33. Bxa4
Nxc4 34. Rd7+ Ke6 35. Rc7 Ne5 36. Bb3+ Kd6 37. Ra7 Re2 38. Rxa6+ Kc7 39. Bd5
Rd2 40. Be4 f5 41. Bxf5 Rxg2 42. Re6 Nc4 43. Rc6+ Kxc6 44. Be4+ Kb6 45. Bxg2 g5
46. b4 Ne3 47. Be4 g4 48. a4 h5 49. a5+ Ka7 50. Bd3 h4 51. b5 g3 52. hxg3 hxg3
53. b6+ Kb7 54. Be4+ Ka6 55. Bd3+ Kb7 56. Be4+ Ka6 1/2-1/2

[Event "TOP 16 Poule Haute"]
[Site "Le Port Marly FRA"]
[Date "2009.05.28"]
[Round "8"]
[White "Benmesbah, N."]
[Black "Fischer, Marc FRA"]
[Result "1/2-1/2"]
[WhiteElo "2137"]
[BlackElo "2213"]
[PlyCount "151"]
[EventDate "2009.05.28"]

1. e4 e6 2. d4 d5 3. Nc3 Nf6 4. Bd3 c5 5. exd5 cxd4 6. Nb5 Nxd5 7. Nf3 Nc6 8.
Nbxd4 Nxd4 9. Nxd4 Bc5 10. Nb3 Be7 11. O-O O-O 12. Qe2 Qc7 13. Rd1 Nb4 14. Bc4
e5 15. c3 Nc6 16. Be3 Bf5 17. Bd5 Nd8 18. Rac1 Be6 19. c4 f5 20. f4 Bf7 21. Qf2
Nc6 22. Nc5 exf4 23. Bxf4 Bxc5 24. Bxc7 Bxf2+ 25. Kxf2 Rac8 26. Bf4 Rfd8 27. a3
h6 28. h4 Na5 29. b4 Nc6 30. Bxf7+ Kxf7 31. c5 Nd4 32. Bd6 Nb5 33. a4 Nxd6 34.
cxd6 Rxc1 35. Rxc1 Ke6 36. Rc7 Rd7 37. Ke3 Kxd6 38. Rc4 Ke6 39. b5 b6 40. Rc6+
Ke5 41. h5 f4+ 42. Kf3 Kf5 43. a5 bxa5 44. Ra6 Rd3+ 45. Ke2 Re3+ 46. Kf2 Re5
47. Rxa5 a6 48. Rxa6 Rxb5 49. Ra7 Rb2+ 50. Kf3 Rb3+ 51. Kf2 Rg3 52. Rf7+ Ke5
53. Re7+ Kf6 54. Ra7 Re3 55. Rb7 Re5 56. Kf3 Rg5 57. Rb6+ Ke7 58. Rb7+ Kf8 59.
Ra7 Rxh5 60. Kxf4 Rd5 61. Ke4 Rd6 62. Kf4 Kg8 63. g4 Rc6 64. g5 Rc4+ 65. Kg3
hxg5 66. Ra5 g4 67. Ra7 Kh7 68. Ra6 g6 69. Rb6 Kh6 70. Rb5 Re4 71. Ra5 g5 72.
Ra8 Kg7 73. Ra6 Rf4 74. Rb6 Rf6 75. Rxf6 Kxf6 76. Kxg4 1/2-1/2

[Event "TOP 16 Poule Haute"]
[Site "Le Port Marly FRA"]
[Date "2009.05.28"]
[Round "8"]
[White "Muller, Ann"]
[Black "Gelis, D."]
[Result "1-0"]
[WhiteElo "2163"]
[BlackElo "2124"]
[PlyCount "95"]
[EventDate "2009.05.28"]

1. e4 e5 2. Nf3 Nc6 3. Bb5 f5 4. d3 fxe4 5. dxe4 Nf6 6. O-O Bc5 7. Qd3 d6 8.
Qc4 Bd7 9. Nc3 a6 10. Bxc6 bxc6 11. Nxe5 Qe7 12. Nxd7 Nxd7 13. Na4 Ne5 14. Qc3
Ba7 15. Be3 c5 16. f3 O-O 17. b3 Kh8 18. Qd2 c6 19. Rad1 Bb8 20. Qe2 Qe6 21.
Nc3 Bc7 22. Kh1 Rfe8 23. Qf2 Rf8 24. Qe2 Rfe8 25. Bg1 Nd7 26. Qf2 Qf6 27. Ne2
a5 28. Ng3 a4 29. f4 Nf8 30. Qd2 Qb2 31. c3 Qxd2 32. Rxd2 axb3 33. axb3 Reb8
34. Rb2 Ra3 35. Rfb1 c4 36. bxc4 Rxb2 37. Rxb2 Rxc3 38. Rb7 Ba5 39. Nf5 Rxc4
40. Nxd6 Rc1 41. g3 c5 42. Kg2 h6 43. Rb8 Kg8 44. e5 g6 45. Ne4 Kf7 46. Rb7+
Ke6 47. Nxc5+ Kd5 48. Rf7 1-0

[Event "TOP 16 Poule Haute"]
[Site "Le Port Marly FRA"]
[Date "2009.05.28"]
[Round "8"]
[White "Fontaine, R."]
[Black "Aguettaz, M."]
[Result "1-0"]
[WhiteElo "2546"]
[BlackElo "2396"]
[PlyCount "79"]
[EventDate "2009.05.28"]

1. e4 b6 2. d4 Bb7 3. Bd3 Nf6 4. Qe2 Nc6 5. c3 e5 6. Nf3 exd4 7. e5 Nd5 8. Be4
Na5 9. O-O dxc3 10. bxc3 Bc5 11. Rd1 Ne7 12. Ng5 Bxe4 13. Nxe4 Ng6 14. Bg5 Qc8
15. Nbd2 h6 16. Nxc5 hxg5 17. Nce4 Qb7 18. Rab1 O-O-O 19. g3 Rde8 20. Nxg5 Nxe5
21. Re1 f6 22. Nge4 f5 23. Ng5 Qc6 24. Qa6+ Qb7 25. Qe2 Qc6 26. Qa6+ Qb7 27.
Qb5 c5 28. Qf1 Qc6 29. f4 Ng4 30. Ndf3 d6 31. Qd3 g6 32. Nf7 c4 33. Qd4 Qxf3
34. Nxd6+ Kb8 35. Rxe8+ Rxe8 36. Nxe8 Nc6 37. Rxb6+ Kc8 38. Nd6+ Kd7 39. Rb7+
Ke6 40. Nxf5 1-0

[Event "TOP 16 Poule Haute"]
[Site "Le Port Marly FRA"]
[Date "2009.05.28"]
[Round "8"]
[White "Govciyan, P."]
[Black "Nguyen, C."]
[Result "1-0"]
[WhiteElo "2412"]
[BlackElo "1782"]
[PlyCount "73"]
[EventDate "2009.05.28"]

1. Nf3 Nf6 2. c4 b6 3. g3 Bb7 4. Bg2 e6 5. O-O Be7 6. Nc3 O-O 7. Re1 Ne4 8.
Nxe4 Bxe4 9. d3 Bb7 10. e4 c5 11. d4 cxd4 12. Nxd4 Nc6 13. Nb5 d6 14. Be3 Rc8
15. Rc1 a6 16. Nc3 Ne5 17. b3 Bc6 18. Qe2 Qc7 19. Nd5 exd5 20. cxd5 Bb5 21.
Rxc7 Rxc7 22. Qd2 Rfc8 23. a4 Rc2 24. Qd1 Bd7 25. h3 b5 26. axb5 Bxb5 27. Bf1
Bd8 28. Bxb5 axb5 29. Re2 R2c3 30. Kg2 Bf6 31. Qb1 h5 32. Qa2 b4 33. Qa6 Rd8
34. Bb6 Rdc8 35. Bd4 Rc1 36. Qxd6 Nc4 37. Qa6 1-0

[Event "TOP 16 Poule Haute"]
[Site "Le Port Marly FRA"]
[Date "2009.05.28"]
[Round "8"]
[White "Leconte, M."]
[Black "Van Heirzeele, D."]
[Result "1/2-1/2"]
[WhiteElo "2334"]
[BlackElo "2189"]
[PlyCount "40"]
[EventDate "2009.05.28"]

1. e4 c5 2. Nf3 d6 3. d4 cxd4 4. Nxd4 Nf6 5. Nc3 g6 6. Be2 Bg7 7. O-O Nc6 8.
Nb3 O-O 9. Bg5 a6 10. f4 b5 11. Bf3 b4 12. Nd5 Nxd5 13. exd5 Na5 14. Nxa5 Qxa5
15. Kh1 Re8 16. Qc1 Bb7 17. a3 b3 18. cxb3 Bxd5 19. b4 Qb5 20. a4 Qb7 1/2-1/2

[Event "TOP 16 Poule Haute"]
[Site "Le Port Marly FRA"]
[Date "2009.05.28"]
[Round "8"]
[White "Assad, K."]
[Black "Levacic, D."]
[Result "1/2-1/2"]
[WhiteElo "2037"]
[BlackElo "2284"]
[PlyCount "185"]
[EventDate "2009.05.28"]

1. d4 Nf6 2. c4 e6 3. Nf3 Bb4+ 4. Bd2 a5 5. a3 Bxd2+ 6. Qxd2 d6 7. Nc3 Qe7 8.
g3 O-O 9. Bg2 e5 10. O-O c6 11. dxe5 dxe5 12. Rfd1 Bg4 13. Qd6 Qxd6 14. Rxd6
Nbd7 15. Rad1 Rfe8 16. h3 Bxf3 17. Bxf3 Nb6 18. b3 Kf8 19. c5 Nc8 20. R6d2 e4
21. Bg2 e3 22. fxe3 Rxe3 23. Rd3 Rxd3 24. Rxd3 Ne7 25. g4 h6 26. Kf2 Ng6 27.
Rd4 Ne5 28. Ne4 Nfd7 29. Rd1 Ke7 30. Rc1 g6 31. Ng3 Kd8 32. Rc3 Kc7 33. Ne4 Rd8
34. Nd2 Nf6 35. Nc4 Nxc4 36. Rxc4 Nd7 37. b4 axb4 38. axb4 Ne5 39. Re4 f6 40.
Rf4 Nd7 41. Rd4 Ra8 42. Be4 Ne5 43. Ke3 Ra3+ 44. Bd3 Ra1 45. Be4 Rf1 46. Bg2
Rb1 47. Be4 Rb2 48. Bd3 Nxd3 49. exd3 Rh2 50. Rd6 Rxh3+ 51. Ke4 Rh4 52. Kf3 f5
53. Rxg6 Rxg4 54. Rxh6 Rxb4 55. Rh7+ Kb8 56. Rf7 Rd4 57. Ke3 Rd5 58. d4 Ka7 59.
Kd3 Ka6 60. Kc4 b5+ 61. cxb6 Kxb6 62. Rg7 Ra5 63. Rf7 Ra4+ 64. Kb3 Rxd4 65.
Rxf5 Rd1 66. Kc2 Rd7 67. Kc3 Rh7 68. Rf3 Kb5 69. Kb3 c5 70. Kc3 Ra7 71. Kb2 c4
72. Rf5+ Kb4 73. Rf3 Ra5 74. Rg3 Re5 75. Rg2 Re4 76. Rh2 Re3 77. Rg2 Rb3+ 78.
Kc2 Ra3 79. Kb2 c3+ 80. Kb1 Ra5 81. Rg8 Rd5 82. Kc1 Rd4 83. Rb8+ Ka4 84. Rh8
Rg4 85. Rc8 Kb3 86. Rb8+ Rb4 87. Rc8 Rd4 88. Rb8+ Kc4 89. Rh8 Rg4 90. Rc8+ Kd3
91. Rd8+ Rd4 92. Rc8 Rc4 93. Rh8 1/2-1/2

[Event "TOP 16 Poule Haute"]
[Site "Le Port Marly FRA"]
[Date "2009.05.29"]
[Round "9"]
[White "Belkhodja, S."]
[Black "Chabanon, JL."]
[Result "1-0"]
[WhiteElo "2479"]
[BlackElo "2454"]
[PlyCount "67"]
[EventDate "2009.05.28"]

1. e4 d5 2. exd5 Qxd5 3. Nc3 Qa5 4. Bc4 Nf6 5. d3 c6 6. Nge2 g6 7. O-O Bg7 8.
Bf4 O-O 9. Qd2 Nbd7 10. Ng3 b5 11. Bb3 Bb7 12. Rfe1 Rfe8 13. Bh6 e6 14. Bxg7
Kxg7 15. a4 Qb4 16. Nge4 Nxe4 17. Rxe4 Qd6 18. Rh4 h5 19. axb5 cxb5 20. Nxb5
Qe7 21. Rc4 Rac8 22. Rxc8 Rxc8 23. Rxa7 Ne5 24. h3 Rb8 25. Nd4 Qc5 26. Qe3 Nd7
27. Bc4 Qd6 28. Nb3 Qc6 29. f3 e5 30. Na5 Qc7 31. Bd5 Nc5 32. Nxb7 Nxb7 33.
Rxb7 Rxb7 34. Bxb7 1-0

[Event "TOP 16 Poule Haute"]
[Site "Le Port Marly FRA"]
[Date "2009.05.29"]
[Round "9"]
[White "Guilleux, F."]
[Black "Milliet, S."]
[Result "1-0"]
[WhiteElo "2313"]
[BlackElo "2379"]
[PlyCount "119"]
[EventDate "2009.05.28"]

1. d4 d5 2. Nf3 Nf6 3. c4 c6 4. Nc3 a6 5. c5 Nbd7 6. Bf4 Nh5 7. e3 g6 8. Bd3
Bg7 9. O-O Nxf4 10. exf4 O-O 11. Re1 Re8 12. Qc2 Qc7 13. g3 Nf8 14. Rac1 Bg4
15. Ne5 Bh3 16. f5 f6 17. Nf3 Bxf5 18. Bxf5 gxf5 19. Qxf5 e5 20. Re2 Qd7 21.
Qxd7 Nxd7 22. Rce1 Kf8 23. b4 a5 24. b5 Rec8 25. Kg2 Kg8 26. Na4 cxb5 27. Nc3
exd4 28. Nxd4 Rxc5 29. Ncxb5 Bf8 30. Ne6 Rc6 31. Nbc7 Rc8 32. Nxd5 Rc2 33. Nxf8
Rxe2 34. Rxe2 Kxf8 35. Re7 Ne5 36. Rxb7 Rc2 37. Nxf6 h6 38. Nd7+ Nxd7 39. Rxd7
Rxa2 40. Rh7 Rc2 41. Rxh6 Ke7 42. Rh5 a4 43. Ra5 Rc4 44. h4 Kd6 45. h5 Kc6 46.
h6 Kb6 47. h7 Kxa5 48. h8=Q a3 49. Qa1 Ka4 50. f4 Rc2+ 51. Kf3 a2 52. f5 Kb3
53. f6 Rb2 54. f7 Rb1 55. f8=Q Rxa1 56. Qf7+ Kb4 57. Qf4+ Kb3 58. Qe3+ Kc4 59.
Qe4+ Kb3 60. Qd3+ 1-0

[Event "TOP 16 Poule Haute"]
[Site "Le Port Marly FRA"]
[Date "2009.05.29"]
[Round "9"]
[White "Tregubov, P."]
[Black "Meier, Geo"]
[Result "1-0"]
[WhiteElo "2628"]
[BlackElo "2641"]
[PlyCount "95"]
[EventDate "2009.05.28"]

1. d4 Nf6 2. c4 e6 3. Nf3 d5 4. Nc3 Be7 5. Bg5 h6 6. Bh4 O-O 7. e3 b6 8. Be2
Bb7 9. Bxf6 Bxf6 10. cxd5 exd5 11. O-O Qe7 12. Qb3 Rd8 13. Rad1 c5 14. dxc5
Bxc3 15. Qxc3 bxc5 16. Rd2 Nd7 17. Rc1 Rac8 18. Qa3 a6 19. Rdc2 Qf6 20. h3 g6
21. Qa5 h5 22. Nd2 Re8 23. Bf3 Re5 24. Nb3 c4 25. Nd4 Nc5 26. b3 Rg5 27. bxc4
Nd3 28. c5 Nxc1 29. Rxc1 Qe7 30. c6 Rc7 31. Rc5 Bc8 32. Rxd5 Rxd5 33. Qxd5 Kg7
34. Nc2 f6 35. a3 Qe5 36. Qd8 Qe7 37. Qd4 Qe5 38. Qb6 Re7 39. Nd4 Qd6 40. a4
Re5 41. h4 Rc5 42. g3 Rc1+ 43. Kh2 Kh6 44. a5 Rf1 45. Qb2 Kh7 46. Kg2 Re1 47.
Nc2 Qd2 48. Qb3 1-0

[Event "TOP 16 Poule Haute"]
[Site "Le Port Marly FRA"]
[Date "2009.05.29"]
[Round "9"]
[White "Bauer, Ch"]
[Black "Fressinet, L."]
[Result "1/2-1/2"]
[WhiteElo "2605"]
[BlackElo "2664"]
[PlyCount "47"]
[EventDate "2009.05.28"]

1. e4 e5 2. Nf3 Nc6 3. Bc4 Nf6 4. d3 Bc5 5. c3 d6 6. Bb3 a6 7. Nbd2 Ba7 8. h3
O-O 9. Nf1 d5 10. Qe2 Be6 11. Ng3 dxe4 12. dxe4 Bxb3 13. axb3 Ne8 14. O-O Nd6
15. Nh2 Qd7 16. Ng4 Qe6 17. Qc2 Rad8 18. Kh2 f6 19. Be3 Bxe3 20. Nxe3 Rd7 21.
Rad1 Rfd8 22. Rd5 Ne7 23. Rd2 a5 24. Rfd1 1/2-1/2

[Event "TOP 16 Poule Haute"]
[Site "Le Port Marly FRA"]
[Date "2009.05.29"]
[Round "9"]
[White "Edouard, R."]
[Black "Philippe, C."]
[Result "1/2-1/2"]
[WhiteElo "2594"]
[BlackElo "2435"]
[PlyCount "29"]
[EventDate "2009.05.28"]

1. d4 Nf6 2. c4 e6 3. Nf3 c5 4. d5 b5 5. dxe6 fxe6 6. cxb5 a6 7. Nbd2 Bb7 8. e3
Be7 9. bxa6 Nxa6 10. Be2 O-O 11. O-O Qc7 12. Re1 Nb4 13. a3 Ne4 14. Rb1 Nxf2
15. Qb3 1/2-1/2

[Event "TOP 16 Poule Haute"]
[Site "Le Port Marly FRA"]
[Date "2009.05.29"]
[Round "9"]
[White "Brunner, N."]
[Black "Maze, S."]
[Result "1-0"]
[WhiteElo "2398"]
[BlackElo "2571"]
[PlyCount "163"]
[EventDate "2009.05.28"]

1. d4 Nf6 2. c4 e6 3. Nc3 c5 4. d5 exd5 5. cxd5 d6 6. e4 g6 7. f4 Bg7 8. Bb5+
Nfd7 9. a4 O-O 10. Nf3 Na6 11. O-O Nb4 12. Re1 a6 13. Bf1 Re8 14. h3 f5 15. Qb3
fxe4 16. Nxe4 Nf8 17. Bd2 Bf5 18. Ng3 Bc2 19. Qc4 Bxa4 20. Bxb4 Bb5 21. Qb3
cxb4 22. Qxb4 Rxe1 23. Rxe1 Bxf1 24. Kxf1 a5 25. Qd2 a4 26. Ne4 Qa5 27. Re2
Qxd2 28. Rxd2 Ra6 29. Ne1 Rb6 30. Nd3 Rb5 31. Ke2 Rxd5 32. Rc2 Rd4 33. Ke3 b5
34. Rc8 b4 35. Ra8 b3 36. Nc3 Rc4 37. Rxa4 Rc8 38. Kd2 Ne6 39. Rb4 Bh6 40. g3
g5 41. f5 g4+ 42. Kd1 Nc5 43. Rxg4+ Kf7 44. Rd4 Bg7 45. Rc4 Rd8 46. Nxc5 dxc5+
47. Ke2 Bd4 48. Ne4 Bxb2 49. Rxc5 Rb8 50. Rc7+ Kg8 51. g4 Be5 52. Rc1 b2 53.
Rb1 Rb3 54. Nf2 Rg3 55. Nd3 Bd4 56. h4 Rh3 57. g5 Kg7 58. Nf4 Rh2+ 59. Kd3 Be5
60. Ke4 Bc3 61. h5 Rc2 62. h6+ Kg8 63. Nd3 Re2+ 64. Kd5 Bh8 65. f6 Rd2 66. Ke4
Kf7 67. Rf1 Rg2 68. Kf5 Rd2 69. Ne5+ Kf8 70. Ke6 Ke8 71. f7+ Kf8 72. Nd7+ Rxd7
73. Kxd7 b1=R 74. Rxb1 Kxf7 75. Rb6 Be5 76. Re6 Bd4 77. Kd6 Bc3 78. Kd5 Bd2 79.
Rf6+ Ke7 80. Rf5 Bc3 81. Ke4 Bd2 82. Rb5 1-0

[Event "TOP 16 Poule Haute"]
[Site "Le Port Marly FRA"]
[Date "2009.05.29"]
[Round "9"]
[White "Pelletier, Y."]
[Black "Paci, C."]
[Result "1-0"]
[WhiteElo "2559"]
[BlackElo "2301"]
[PlyCount "63"]
[EventDate "2009.05.28"]

1. d4 Nf6 2. c4 e6 3. g3 c5 4. Nf3 cxd4 5. Nxd4 Bb4+ 6. Nc3 Ne4 7. Qd3 Qa5 8.
Nb3 Nxc3 9. Bd2 Ne4 10. Qxe4 Bxd2+ 11. Nxd2 O-O 12. Bg2 Nc6 13. Qe3 d5 14. O-O
d4 15. Qd3 Rd8 16. a3 Qc7 17. Rac1 e5 18. c5 f5 19. Nc4 e4 20. Qd2 Ne5 21. Qf4
Rd5 22. Nxe5 Qxe5 23. Qxe5 Rxe5 24. Rfd1 Be6 25. Rxd4 Rc8 26. b4 b6 27. c6 b5
28. f3 Bc4 29. fxe4 fxe4 30. Bxe4 Bxe2 31. c7 Bc4 32. Rd8+ 1-0